Le Fédéralisme en Europe / Thomas Fleiner-Gerster ... [et al.]
ISBN:
84-7794-173-4
Descripción Física:
118 p. ; 23 cm
Colección:
Workshop Barcelona ; 2
Otros Autores:
Fleiner-Gerster, Thomas
Materias:
Federalisme -- Europa
MARC
| LEADER | 00000nam a2200000Ia 4500 | ||
|---|---|---|---|
| 001 | 17087 | ||
| 008 | 160829s1991 xx 000 0 cat d | ||
| 020 | |a 84-7794-173-4 | ||
| 080 | |a M-5-139 | ||
| 245 | |a Le Fédéralisme en Europe / Thomas Fleiner-Gerster ... [et al.] | ||
| 260 | |a Barcelona : |b ICPS, |c 1991 | ||
| 300 | |a 118 p. ; |c 23 cm | ||
| 490 | |a Workshop Barcelona ; 2 | ||
| 650 | 0 | |a Federalisme |z Europa |9 10214 | |
| 700 | |a Fleiner-Gerster, Thomas |9 28173 | ||
| 710 | 2 | |a Institut de Ciències Polítiques i Socials (Barcelona, Catalunya) |9 55871 | |
| 901 | |a Arxiu | ||
| 942 | |n 1 | ||
| 952 | |0 0 |1 0 |4 0 |6 M5139 |7 1 |9 44701 |a Arxiu |b Arxiu |d 2016-12-01 |l 0 |o M-5-139 |p 17087 |r 2016-12-01 00:00:00 |w 2016-12-01 |y ARXIU | ||
| 999 | |c 47282 |d 47282 | ||